Szczegóły MARC21

Nowe podejście w diagnozie i terapii logopedycznej : metoda krakowska /

005 -DATA I CZAS OSTATNIEJ MODYFIKACJI [,]
    • @
    • pole kontrolne
    • 20111014140136.0
020 -Międzynarod. znormalizowany nr książki - ISBN [ , ]
    • a
    • Numer ISBN
    • 9788372716422 Find
040 -Instytucja sporządzająca opis [ , ]
    • a
    • Instytucja, która sporządziła opis (NP)
    • SZCZ U/KLR
    • c
    • Instytucja, która sporządziła rekord (NP)
    • SZCZ U/KLR
    • d
    • Instytucja, która zmodyfikowała rekord (P)
    • SZCZ U/MM
041 -Język dokumentu [0, ]
    • a
    • Język tekstu (P)
    • polski
044 -Kraj miejsca wydania [ , ]
    • a
    • Kraj miejsca wydania
    • Polska
942 -Rodzaj dokumentu [ , ]
    • c
    • Rodzaj dokumentu
    • Książka
245 -Strefa tytułu i oznaczenia odpowiedzialności [0,0]
    • a
    • Tytuł
    • Nowe podejście w diagnozie i terapii logopedycznej : Find
    • b
    • Ciąg dalszy tytułu (NP)
    • metoda krakowska / Find
    • c
    • Pozostałe elementy strefy tytułu i oznaczenia odpowiedzialności (NP)
    • pod red. Jagody Cieszyńskiej, Zdzisławy Orłowskiej-Popek, Marty Korendo.
260 -Strefa adresu wydawniczego [ , ]
    • a
    • Miejsce wydania (P)
    • Kraków :
    • b
    • Nazwa wydawcy (P)
    • Wydawnictwo Naukowe Uniwersytetu Pedagogicznego,
    • c
    • Data wydania (P)
    • 2010.
300 -Strefa opisu fizycznego [ , ]
    • a
    • Określenie formy książki i/lub objętość (NP)
    • 238, [2] s. :
    • b
    • Oznaczenie ilustracji (NP)
    • il. ;
    • c
    • Format (NP)
    • 24 cm.
504 -Uwaga dot. bibliogr. załącznikowej [ , ]
    • a
    • Uwaga dot. bibliografii załącznikowej
    • Bibliogr.
080 -Uniwersalna Klasyfikacja Dziesiętna [ , ]
    • 2
    • Identyfikator wydania tablic
    • UDC-P058
    • 9
    • UKD
    • 3920
    • a
    • Symbol klasyfikacji
    • 376-056.264
    • b
    • Dopowiedzenie
    • Nauczanie (rewalidacja) osób z zaburzeniami mowy. Pedagogika zaburzeń mowy. Logopedia. Patologopedia. Logoterapia.
080 -Uniwersalna Klasyfikacja Dziesiętna [ , ]
    • 2
    • Identyfikator wydania tablic
    • UDC-P058
    • 9
    • UKD
    • 4775
    • a
    • Symbol klasyfikacji
    • 616.89-008
    • b
    • Dopowiedzenie
    • Objawy chorób psychicznych. Omamy. Iluzje. Urojenia. Halucynacje. Euforia. Lęki. Fobie.
980 -Symbol UKD [ , ]
    • a
    • UKD
    • 376-056.264:616.89-008
700 -Hasło dodatkowe - nazwa osobowa [1, ]
    • 9
    • KHW
    • 375
    • a
    • Nazwa osobowa (NP)
    • Cieszyńska, Jadwiga Find
    • d
    • Daty biograficzne (NP)
    • (1955- ).
    • e
    • Określenie rodzaju współpracy
    • Red.
700 -Hasło dodatkowe - nazwa osobowa [1, ]
    • 9
    • KHW
    • 26816
    • a
    • Nazwa osobowa (NP)
    • Orłowska-Popek, Zdzisława. Find
    • e
    • Określenie rodzaju współpracy
    • Red.
700 -Hasło dodatkowe - nazwa osobowa [1, ]
    • 9
    • KHW
    • 536587
    • a
    • Nazwa osobowa (NP)
    • Korendo, Marta. Find
    • e
    • Określenie rodzaju współpracy
    • Red.
920 -ISBN [ , ]
    • a
    • ISBN
    • 978-83-7271-642-2 Find
Lokalizacja Data inwentaryzacji Status udost. Numer inwentarzowy
BG2011-10-101Z.115588